| 000 | 00515nam a2200181Ia 4500 | ||
|---|---|---|---|
| 001 | 13339 | ||
| 005 | 20260306164754.0 | ||
| 008 | 260306t2007||||xx |||||||||||||| ||spa|| | ||
| 041 | _aESP | ||
| 082 |
_a001.42 _bT18 |
||
| 100 |
_aTamayo y Tamayo, Mario _eAUT |
||
| 245 | 0 |
_aEl proceso de la investigación científica: _bincluye evaluación y administración de proyectos de investigación |
|
| 260 | _c2007 | ||
| 300 |
_a440 páginas : _c23 cm. |
||
| 650 | _aGEN | ||
| 654 | _aCHU | ||
| 942 |
_cLIB _dJUS _fJUS _2ddc _n |
||
| 999 |
_c13339 _d13339 |
||